Orthodontic miniscrew implants : (Record no. 23751)
[ view plain ]
| 000 -LEADER | |
|---|---|
| fixed length control field | 03279cam a22003135a 4500 |
| 001 - CONTROL NUMBER | |
| control field | ocn698080411 |
| 003 - CONTROL NUMBER IDENTIFIER | |
| control field | OSt |
| 005 - DATE AND TIME OF LATEST TRANSACTION | |
| control field | 20161227102735.0 |
| 008 - FIXED-LENGTH DATA ELEMENTS--GENERAL INFORMATION | |
| fixed length control field | 110124s2009 stka frb 001 0 eng d |
| 020 ## - INTERNATIONAL STANDARD BOOK NUMBER | |
| Cancelled/invalid ISBN | 9780723434023 |
| 020 ## - INTERNATIONAL STANDARD BOOK NUMBER | |
| Cancelled/invalid ISBN | 0723434026 |
| 040 ## - CATALOGING SOURCE | |
| Original cataloging agency | OPELS |
| Language of cataloging | eng |
| Transcribing agency | OPELS |
| Modifying agency | IUD |
| -- | EG-ScBUE |
| 082 04 - DEWEY DECIMAL CLASSIFICATION NUMBER | |
| Classification number | 617.693 |
| Edition number | 22 |
| Item number | ORT |
| 130 0# - MAIN ENTRY--UNIFORM TITLE | |
| Uniform title | Orthodontic miniscrew implants (Online) |
| 245 00 - TITLE STATEMENT | |
| Title | Orthodontic miniscrew implants : |
| Remainder of title | clinical applications / |
| Statement of responsibility, etc | Cheol-Ho Paik ... [et al.] ; consultant editor, Nigel Harradine. |
| 260 ## - PUBLICATION, DISTRIBUTION, ETC. (IMPRINT) | |
| Place of publication, distribution, etc | Edinburgh : |
| -- | New York : |
| Name of publisher, distributor, etc | Mosby / Elsevier, |
| Date of publication, distribution, etc | 2009. |
| 300 ## - PHYSICAL DESCRIPTION | |
| Extent | x, 258 p. : |
| Other physical details | ill. (some col.) ; |
| Dimensions | 27 cm. |
| 504 ## - BIBLIOGRAPHY, ETC. NOTE | |
| Bibliography, etc | Includes bibliographical references and index. |
| 505 0# - FORMATTED CONTENTS NOTE | |
| Formatted contents note | 1. INTRODUCTION -- Case example -- About this book -- 2. BRIEF REVIEW OF THE USE OF IMPLANTS IN ORTHODONTICS -- Early research and development -- Later developments -- Miniscrews -- Terminology -- 3. MINISCREW IMPLANTS: CONCEPTS AND CONTROVERSIES -- Method of insertion: drill-free versus pre-drilling -- Primary stability: osseointegration versus mechanical interlocking -- Timing of loading: immediate versus delayed loading -- Loading characteristics and implant stability -- Secondary stability: bone remodeling around the miniscrew implant -- Miniscrew implant design and insertion and removal torque -- 4. TERMINOLOGY, DESIGN FEATURES AND ARMAMENTARIUM -- Terminology and design features -- Armamentarium -- 5. ANATOMIC CONSIDERATIONS AND PLACEMENT/REMOVAL OF ORTHODONTIC MINISCREW IMPLANTS -- Anatomic considerations -- Miniscrew implant placement and removal -- Post-placement instructions for the patient -- Timing of initial force application -- 6. MINISCREW IMPLANT ANCHORAGE FOR ANTEROPOSTERIOR TOOTH MOVEMENT -- Use of miniscrew implants for absolute anchorage when mesial movement of posterior teeth is not indicated -- Miniscrew implant anchorage for retraction of the entire dentition -- Miniscrew implant anchorage for molar distalization -- Miniscrew implant anchorage for anterior movement of posterior teeth -- -- 7. MINISCREW IMPLANT ANCHORAGE FOR INTRUSION OF TEETH -- Indications for intrusion -- Intrusion using miniscrews -- Design of the appliance -- Optimum force levels -- Occlusal and facial consequences of orthodontic intrusion -- Miniscrew implant anchorage for intrusion of the entire dentition -- Miniscrew implant anchorage for intrusion of posterior teeth -- Miniscrew implant anchorage for intrusion of anterior teeth -- 8. MINISCREW IMPLANT ANCHORAGE FOR TRANSVERSE AND ASYMMETRIC TOOTH MOVEMENT -- Transverse and asymmetric tooth movement -- 9. OTHER USES OF MINISCREW IMPLANTS -- Using miniscrew implants for intermaxillary fixation -- Local tooth movements -- 10. COMPLICATIONS AND THEIR MANAGEMENT -- Complications during and following insertion -- Complications during the loading period -- Complications during removal. |
| 650 #7 - SUBJECT ADDED ENTRY--TOPICAL TERM | |
| Topical term or geographic name as entry element | Dental implants. |
| Source of heading or term | BUEsh |
| 9 (RLIN) | 35980 |
| 650 #7 - SUBJECT ADDED ENTRY--TOPICAL TERM | |
| Topical term or geographic name as entry element | Malocclusion |
| General subdivision | therapy. |
| Source of heading or term | BUEsh |
| 650 #7 - SUBJECT ADDED ENTRY--TOPICAL TERM | |
| Topical term or geographic name as entry element | Dental implants. |
| Source of heading or term | BUEsh |
| 9 (RLIN) | 35980 |
| 650 22 - SUBJECT ADDED ENTRY--TOPICAL TERM | |
| Topical term or geographic name as entry element | Orthodontics, Corrective |
| General subdivision | methods. |
| Source of heading or term | BUEsh |
| 653 ## - INDEX TERM--UNCONTROLLED | |
| Resource For college | |
| Arrived date list | December2016 |
| 700 1# - ADDED ENTRY--PERSONAL NAME | |
| Personal name | Paik, Cheol-Ho. |
| 710 2# - ADDED ENTRY--CORPORATE NAME | |
| Corporate name or jurisdiction name as entry element | ScienceDirect (Online service) |
| 776 08 - ADDITIONAL PHYSICAL FORM ENTRY | |
| Display text | Print version: |
| Record control number | (DLC) 2008002274 |
| -- | (OCoLC)191127284 |
| 942 ## - ADDED ENTRY ELEMENTS (KOHA) | |
| Source of classification or shelving scheme | Dewey Decimal Classification |
| Withdrawn status | Item status | Source of classification or shelving scheme | Damaged status | Not for loan | Vendor | Home library | Current library | Shelving location | Date acquired | Source of acquisition | Cost, normal purchase price | Serial Enumeration / chronology | Total Checkouts | Full call number | Barcode | Date last seen | Cost, replacement price | Koha item type |
|---|---|---|---|---|---|---|---|---|---|---|---|---|---|---|---|---|---|---|
| Dewey Decimal Classification | Iqraa | Central Library | Central Library | First floor | 27/12/2016 | Purchase | 845.00 | 3502 | 617.693 ORT | 000040649 | 15/07/2025 | 1056.20 | Book - Borrowing |